Bytový dom s nájomnými bytmi, Bratislava

Enregistré dans:
Détails bibliographiques
Auteur principal: Gajdošíková, Adela (Auteur)
Autres auteurs: Kuráň, Jozef (Directeur de thèse)
Format: Manuscrit Livre
Langue:slovaque
Publié: 2021
Sujets:
Accès en ligne:http://is.stuba.sk/zp/portal_zp.pl?podrobnosti=160521
https://opac.crzp.sk/?fn=detailBiblioForm&sid=7E417B54B864B7C45220F74635AB
Tags: Ajouter un tag
Pas de tags, Soyez le premier à ajouter un tag!

MARC

LEADER 00000ntm a22000003a 4500
001 stuzp84043
003 SK-STU
005 20230512100636.5
007 ta
008 150427s2015----xo-----f-mn---000-0-slo-d
040 |a STU  |b slo 
041 0 |a slo 
100 1 |a Gajdošíková, Adela  |u 010310  |4 aut  |U SvF Stavebná fakulta  |T SvF Katedra architektúry  |X 75734  |U V181|V310  |Y 19  |7 75734 
242 0 1 |a Social housing, Bratislava  |y eng 
245 1 0 |a Bytový dom s nájomnými bytmi, Bratislava 
260 |c 2021 
650 4 |a nájomné bývanie  |2 slo 
650 4 |a zelená architektúra  |2 slo 
650 4 |a bratislava  |2 slo 
650 4 |a bytový dom  |2 slo 
650 4 |a rental housing  |2 eng 
650 4 |a green architecture  |2 eng 
650 4 |a apartment building  |2 eng 
650 4 |a Bratislava  |2 eng 
700 1 |a Kuráň, Jozef  |u 010310  |k Z1  |4 ths  |U SvF Stavebná fakulta  |T SvF Katedra architektúry  |X 710  |U V181|V310  |Y 19  |7 A000000710 
856 4 |u http://is.stuba.sk/zp/portal_zp.pl?podrobnosti=160521 
856 4 |u https://opac.crzp.sk/?fn=detailBiblioForm&sid=7E417B54B864B7C45220F74635AB